Principios matemáticos de la filosofía natural

Uloženo v:
Podrobná bibliografie
Hlavní autor: Newton, Isaac (autor)
Médium: Kniha
Jazyk:španělština
Vydáno: Madrid Nacional 1982
Edice:Clásicos para una Biblioteca Contemporánea
Témata:
Tagy: Přidat tag
Žádné tagy, Buďte první, kdo vytvoří štítek k tomuto záznamu!

MARC

LEADER 00000nam a2200000 a 4500
001 UCV7820
003 CL-VaPUC
008 891023e19820000SP |||||||||||||||||spa|d
082 0 4 |a 531  |b NEW  |2 21 
100 |a Newton, Isaac  |e autor  |9 875665 
245 1 0 |a Principios matemáticos de la filosofía natural 
300 |a 903 p 
942 |c BK 
945 |d 19891023 00:00:00 
260 |a Madrid  |b Nacional  |c 1982 
650 0 |a Filosofía de las matemáticas   |9 265233 
650 0 |a Astronomía  |9 260985 
583 |a last modification  |c 20180314 14:49:25  |k Rodrigo Vera 
490 0 |a Clásicos para una Biblioteca Contemporánea 
999 |c 213439  |d 213437 
952 |0 0  |1 0  |4 0  |6 531_000000000000000_NEW_1982  |7 0  |8 A  |9 195806  |a BIBEDU  |b BIBEDU  |d 2019-11-14  |i 1586076  |l 2  |m 2  |o 531 NEW 1982  |p 1586076  |r 2023-10-02  |s 2023-09-25  |w 2019-11-14  |y BK  |k FIL 
952 |0 0  |1 0  |4 0  |6 531_000000000000000_NEW_1982  |7 0  |8 A  |9 195807  |a BIBCUR  |b BIBCUR  |d 2019-11-14  |i 452831K  |l 4  |o 531 NEW 1982  |p 452831K  |r 2025-04-22  |s 2024-03-22  |w 2019-11-14  |y BK  |k FIS